| 000 | 01498cam a22003131i 4500 | ||
|---|---|---|---|
| 003 | SA-RiAUC | ||
| 005 | 20250213092208.0 | ||
| 008 | 250201s2005 su g f000 0bara c | ||
| 020 | _a9960037908 | ||
| 020 | _a9960037908 | ||
| 040 |
_aSA-JeALM _bara _cSA-RiAUC _erda |
||
| 082 | 0 | 4 |
_a928.1 _qSA-RiAUC |
| 090 |
_a928.1 _b ب د و |
||
| 100 | 1 |
_aبدوي، صالح جمال، _d1361 هجري- _eمؤلف. |
|
| 245 | 1 | 2 |
_aالأديب العالم والرائد التربوي محمد طاهر بن مسعود الدباغ : _bلمحة عن السيرة العلمية والعملية / _cإعداد صالح جمال بدوي. |
| 250 | _aالطبعة الأولى. | ||
| 264 | 1 |
_aمكة المكرمة : _bجامعة أم القرى، _c2006 |
|
| 300 |
_a30 صفحة ؛ _c24 سم. |
||
| 336 |
_aنص _btxt _2rdacontent _3كتاب |
||
| 337 |
_aبدون وسيط _bn _2rdamedia |
||
| 338 |
_aمجلد _bnc _2rdacarrier |
||
| 490 | 1 |
_aلجنة تكريم رواد مكة المكرمة. _aسلسلة السير والآثار العلمية ؛ _v13 |
|
| 600 | 1 | 7 |
_aالدباغ، محمد طاهر بن مسعود، _d1308-1378 هجري _2aucnm |
| 650 | 7 |
_aالأدباء العرب _zالسعودية _vتراجم _2aucsh |
|
| 650 | 7 |
_aالتربويون السعوديون _vتراجم _2aucsh |
|
| 830 | 0 |
_aلجنة تكريم رواد مكة المكرمة. _pسلسلة السير والآثار العلمية _v13 |
|
| 942 |
_2ddc _cBOOK _n0 |
||
| 949 |
_aSA-JeALM _d250201 _umohamedma123 _n1 |
||
| 999 |
_c5909 _d5909 |
||